Statistics for Weirdest Animals

Click here to take the quiz!

General Stats

  • This quiz has been taken 93 times
  • The average score is 9 of 32

Answer Stats

Answer% Correct
Axolotl
81%
Sun Bear
69%
Narwhal
60%
Star Nosed Mole
55%
Blobfish
50%
Dumbo Octopus
45%
Naked Mole Rat
44%
Okapi
44%
Tarsier
44%
Leafy Sea Dragon
40%
Angora Rabbit
39%
Goblin Shark
37%
Yeti Crab
35%
Shoebill
34%
Fossa
31%
Gharial
29%
Long Eared Jerboa
24%
Komondor
21%
Lyrebird
21%
Slender Loris
21%
Pacu Fish
15%
Babirusa
13%
Lowland Streaked Tenrec
13%
Chinese Goose
11%
Glaucus Atlanticus
11%
Hairy Frogfish
11%
Hispaniolan Solenodon
8%
Naked Neck Chicken
8%
Gerenuk
6%
Irrawaddy Dolphin
6%
Thorny Dragon
5%
Tufted Deer
5%

Score Distribution

Percentile by Number Answered

Percent of People with Each Score

Your Score History

You have not taken this quiz